1350 1665 1977 1430 1411 1863 1774 1284 1380 1066 1856 1506 1104 1144 1868 1317 1755 1773 1570 1590 1851 1219 1122 1722 1759 1073 1413 1479 1348 1534 1954 1435 1832 1440 1410 1383 1482 1886 1106 1107 1394 1480 1761 1326 1583 1326 1711 1245 1970 1945 1715 1641 1931 1802 1132 1903 1090 1335 1342 1961 1522 1462 1047 1775 1392 1396 1047 1303 1563 1015 1014 1222 1301 1956 1219 1569 1202 1973 1739 1267 1468 1237 1701 1494 1646 1959 1428 1765 1739 1372 1637 1699 1972 1089 1420 1842 1020 1403 1620 BCNSPRNW ULIB Ver.6.0+V

เปลี่ยนเป็นภาษาไทย

Change to English
 แสดงรายละเอียดบรรณานุกรม
  กลับหน้าหลัก

Brief Record : Get Marc (ISO 2709) : E-mail record : QR code < ปิดหน้าต่าง
LEADER : 00000nam a2200000Ia 4500
001    13399114495
003     ULIB
008    960108c19859999us a ss 0 eng d
020    ^a9781574393194
060 04 ^aQV38^bD794
245 00 ^aDrug :^bfacts and comparisons 2011
246 10 ^aDrug facts and comparisons
260    ^aSt. Louis :^bFacts and Comparisons,^c2003-<2010>
300    ^a 3633pp ;^c28 cm. +^e1 computer optical disc
310    ^aAnnual
362 0  ^a2003-<2010>
500    ^aeditors vary
500    ^aDescription based on 1985
650  2 ^aPharmaceutical Preparations^xCatalogs
650  2 ^aCatalogs, Drug
650  2 ^aDrugs^vhandbooks
710 2  ^aFacts and Comparisions Division
740 02 ^aDrug facts and comparisons 1981-<2012>
995    ^a Kesorn
999 ^a ใช้งานได้ทุกระบบ
รายการนี้ยังไม่มีแท็ก
คุณยังไม่ได้ล็อกอิน คุณสามารถมีกิจกรรมร่วมกับเว็บไซต์ได้ แต่ต้องล็อกอินก่อน ::
  ล็อกอิน

รายการสื่อสารสนเทศ

ลำดับที่ ประเภท เลขเรียก/บาร์โค้ด สถานที่ สถานะ
- ไม่พบข้อมูล -

BibComment


ยังไม่เคยถูกคอมเมนท์

คอมเมนท์ทรัพยากรรายการนี้
  คอมเมนท์: Drug facts and ..


 Copyright 2026. Bcnsprnw @Library